000 00553nam a22001937a 4500
999 _c7679
_d7679
003 OSt
005 20220208155715.0
008 220208b ||||| |||| 00| 0 eng d
020 _a9780415666398
040 _cDDC
082 _a951.249 TAI 2007
100 _aRobert, Ash: J. Megan, Greene
_915696
245 _aTaiwan in the 21st Century:
_bAspects and Limitations of a Development Model.
260 _aNew York:
_bRoutledge;
_c2007,
300 _axv,279p.:
_bill;
_c23cm,
504 _aIncludes Index.
650 _aTaiwan.
_915697
942 _2ddc
_cBOOK